Introduction to fluid mechanics / (Record no. 140229)

MARC details
000 -LEADER
fixed length control field 00678cam a2200229 a 4500
008 - FIXED-LENGTH DATA ELEMENTS--GENERAL INFORMATION
fixed length control field
020 ## - INTERNATIONAL STANDARD BOOK NUMBER
International Standard Book Number 0340676493 (pbk. )
049 ## - LOCAL HOLDINGS (OCLC)
Holding library MAIN
050 00 - LIBRARY OF CONGRESS CALL NUMBER
Classification number QA901
Item number NAH
003 - CONTROL NUMBER IDENTIFIER
control field
005 - DATE AND TIME OF LATEST TRANSACTION
control field 20230123125349.0
040 ## - CATALOGING SOURCE
Transcribing agency NUST
100 1# - MAIN ENTRY--PERSONAL NAME
Personal name Nakayama, Y.
245 10 - TITLE STATEMENT
Title Introduction to fluid mechanics /
Statement of responsibility, etc. Y. Nakayama ; UK editor, R.F. Boucher.
260 ## - PUBLICATION, DISTRIBUTION, ETC.
Place of publication, distribution, etc. Boston :
Name of publisher, distributor, etc. Butterworth-Heinemann
Date of publication, distribution, etc. c1999.
300 ## - PHYSICAL DESCRIPTION
Extent xii, 308 p. :
Other physical details ill. (some col.) ;
Dimensions 25 cm.
504 ## - BIBLIOGRAPHY, ETC. NOTE
Bibliography, etc. note Includes bibliographical references.
650 #0 - SUBJECT ADDED ENTRY--TOPICAL TERM
Topical term or geographic name entry element Fluid mechanics.
700 1# - ADDED ENTRY--PERSONAL NAME
Personal name Boucher, R. F.
907 ## - LOCAL DATA ELEMENT G, LDG (RLIN)
a .b10304150
b 03-04-12
c 02-12-11
942 ## - ADDED ENTRY ELEMENTS (KOHA)
Koha item type Ordinary Loan Books
Holdings
Date last seen Total Checkouts Full call number Barcode Cost, replacement price Price effective from Koha item type Lost status Source of classification or shelving scheme Damaged status Not for loan Collection Withdrawn status Home library Current library Shelving location Date acquired Cost, normal purchase price
01/23/2023 15 QA901 NAK 92004013089 80.00 01/23/2023 BOOKS   LCC     NFIC   MAIN MAIN GEN 01/23/2023 80.00